000 00682nam a2200193Ii 4500
003 JO-AjNU
008 230605s9999||||xx |||||||||||||| ||und||
040 _aJO-AjNU
_bara
_erda
_cJO-AjNU
041 _aara
050 1 4 _aLB885 .H8
100 3 _aهلفش، جوردن/سميث،فيليب,
_eauthor
_913170
245 0 0 _aالتفكير التأملي طريقة للتربية والتعليم
264 3 1 _aالقاهرة: دار النهضة العربية
300 _a310ص
336 _atext
_btxt
_2rdacontent
337 _aunmediated
_bn
_2rdamedia
338 _avolume
_bnc
_2rdacarrier
650 4 _aفكر وتفكير التربية و التعليم - فلسفة
_913171
999 _aA3207
_c6775
_d6775